[Event "RUS Cup Final Men 2017"]
[Site "Khanty-Mansiysk"]
[Date "2017.12.05"]
[Round "1"]
[White "Jakovenko, Dmitry"]
[Black "Triapishko, Alexandr"]
[Result "1-0"]
[WhiteElo "2730"]
[BlackElo "2536"]
[Annotator "TA"]
[PlyCount "135"]
[EventDate "2017.??.??"]
[EventType "k.o."]
[EventCountry "RUS"]
[SourceTitle "playchess.com"]
[Source "ChessBase"]
[SourceQuality "1"]

{[%evp 25,135,39,31,32,46,46,45,56,56,48,54,38,53,54,53,40,49,56,56,53,130,129,116,125,117,109,185,111,106,107,250,246,245,226,225,225,221,236,238,236,239,235,228,226,233,240,264,265,258,247,260,264,256,258,256,250,276,207,192,202,255,242,436,420,349,262,318,301,310,328,312,318,352,347,343,333,244,132,215,218,227,220,217,214,147,154,185,70,70,70,211,202,153,70,70,70,68,69,70,70,136,66,29975,29978,29978,29979,29979,29980,29980,29981,29988,29989]} 1. e4 c6 2. d4 d5 3. e5 Bf5 4. Nf3 e6 5. Be2 c5 6. Be3 cxd4 7. Nxd4 Ne7 8. O-O Nbc6 9. Bb5 {B12: Caro-Kann: Advance Variation} a6 10. Bxc6+ Nxc6 (10... bxc6 11. c4 Qd7 12. Nc3 dxc4 13. Na4 Nd5 14. Nxf5 exf5 15. Rc1 c3 16. Qc2 Be7 17. Nxc3 Nxe3 18. fxe3 {1-0 (26) Nepomniachtchi,I (2733)-Laznicka,V (2654) Heraklio 2017}) 11. Nxf5 exf5 12. f4 Qa5 13. Nd2 Bc5 {LiveBook: 3 Games} 14. Bf2 Rd8 15. Nb3 Bxf2+ 16. Rxf2 Qb6 {[#]} 17. Qh5 $146 O-O 18. Qxf5 a5 19. a4 f6 {Threatening ...fxe5.} 20. e6 Rfe8 $1 21. Rd1 Rd6 22. Qd3 Nb4 (22... Rexe6 $14 23. Qb5 Qc7) 23. Qb5 $1 $40 {[%cal Rb5e8][%mdl 128] White attacks with force.} Rdxe6 24. Nd4 $1 {[%cal Rd4e6]} Qxb5 25. axb5 Re3 (25... Re1+ $16 {keeps fighting.} 26. Rxe1 Rxe1+ 27. Rf1 Re4) 26. Rf3 (26. Kf1 $1 $18) 26... Re1+ 27. Rf1 Rxf1+ (27... Rxd1 $16 28. Rxd1 a4) 28. Kxf1 {[%mdl 4096] Endgame KRN-KRN} Re4 29. c3 $1 Rxf4+ 30. Kg1 Na2 31. Ra1 Nxc3 32. bxc3 $18 {Hoping for b6. KRN-KR} b6 33. g3 Re4 34. Kf2 Kf7 35. Rd1 g5 36. Nf5 Ke6 37. Ne3 Re5 38. g4 d4 39. cxd4 Rxb5 40. Kf3 $1 a4 41. Ke4 Rb2 42. Nc4 Rb4 43. Rc1 $1 b5 $2 (43... Kd7 {was necessary.} 44. Ne3 Rb2) 44. Nb6 Kd6 45. Rf1 Rb2 46. Rxf6+ Kc7 47. Nd5+ Kb7 48. Kd3 Ka7 49. Kc3 Rb3+ 50. Kc2 Rh3 51. Rf5 (51. Rb6 $18) 51... h6 (51... Rxh2+ $16 {might work better.} 52. Kc3 a3 53. Rf7+ (53. Rxg5 a2 $11) 53... Ka6) 52. Nc3 Rxh2+ 53. Kc1 Rg2 54. Rxb5 Rxg4 55. d5 $1 {[%cal Rd5d6]} ({But not} 55. Nxa4 $6 Rxd4 56. Nc3 h5 $11) 55... Rd4 56. Rb2 ({Better is} 56. Ra5+ $18 Kb7 57. Rxa4 Rxa4 58. Nxa4) 56... Ka6 $14 57. Rh2 Rh4 (57... Ka5 $14) 58. Rd2 $1 $18 {d6 is the strong threat.} Kb7 {[#]} 59. Re2 (59. Kc2 $1 $16) 59... Rd4 $1 $14 60. Re7+ Kb6 61. Re6+ Kc5 62. Rxh6 g4 {[#]} (62... Rf4 $1 $14) 63. Kc2 (63. Rc6+ $1 $16 Kb4 64. Kc2) 63... Kb4 $2 {[%mdl 8192]} (63... Rf4 $14) 64. Ra6 {White mates.} Kc5 65. Ra5+ Kb6 66. Rxa4 Rxa4 67. Nxa4+ Ka5 68. d6 {Precision: White = 73%, Black = 44%.} 1-0

[Event "RUS Cup Final Men 2017"]
[Site "Khanty-Mansiysk"]
[Date "2017.12.05"]
[Round "1"]
[White "Grachev, Boris"]
[Black "Golubov, Saveliy"]
[Result "1/2-1/2"]
[WhiteElo "2657"]
[BlackElo "2488"]
[Annotator "TA"]
[PlyCount "71"]
[EventDate "2017.??.??"]
[EventType "k.o."]
[EventCountry "RUS"]
[SourceTitle "playchess.com"]
[Source "ChessBase"]
[SourceQuality "1"]

{[%evp 18,71,9,10,10,6,8,10,9,8,11,11,3,6,28,18,16,16,18,7,12,3,12,0,35,9,7,0,0,0,0,0,28,14,31,0,0,0,0,0,0,0,0,0,0,0,0,0,0,0,0,0,0,0,0,0]} 1. d4 Nf6 2. Nf3 d5 3. c4 e6 4. g3 Be7 5. Bg2 O-O 6. b3 c5 7. O-O Nc6 8. Bb2 dxc4 {A14: English Opening: 1...e6 with b3 by White} 9. bxc4 cxd4 10. Nxd4 {LiveBook: 3 Games} Bd7 11. Nxc6 Bxc6 12. Bxc6 bxc6 13. Qc2 $146 ({Predecessor:} 13. Nd2 Rb8 14. Qc2 Qa5 15. Nb3 Qh5 16. Kg2 {1-0 (31) Drazic,S (2497)-Bresciani,N (2289) Bratto 2005}) 13... Nd7 14. Rd1 Qc7 15. Nd2 {[%cal Bb1d2,Bd2e4,Be4c3,Bc3b5,Bb5d6][%mdl 32]} Bf6 16. Ne4 {[#] Strongly threatening Rxd7!} Bxb2 17. Qxb2 c5 18. Rab1 Rab8 19. Qc2 h6 20. Rb3 Rb6 21. Nc3 Ne5 22. Qe4 f5 23. Qf4 g5 24. Qc1 Qc6 25. Nb5 Qb7 26. Nd6 Qg7 {The position is equal.} 27. Qe3 Rd8 28. Rxb6 $1 ({But not} 28. Qxc5 Rc6 $17) 28... axb6 29. Rd2 {[#] Threatens to win with Nxf5!} Qf6 30. Qc3 Kg7 {aiming for ...Nf7.} 31. Nxf5+ Qxf5 32. Rxd8 Qb1+ 33. Kg2 Qe4+ 34. Kg1 $1 (34. f3 Qxe2+ 35. Kg1 Kf7 $17) 34... Qb1+ $1 35. Kg2 Qe4+ 36. Kg1 $1 {Precision: White = 65%, Black = 75%.} ({Don't play} 36. f3 Qxe2+ 37. Kg1 Kf7 $17) 1/2-1/2

[Event "RUS Cup Final Men 2017"]
[Site "Khanty-Mansiysk"]
[Date "2017.12.05"]
[Round "1"]
[White "Kokarev, Dmitry"]
[Black "Moiseenko, Vadim"]
[Result "1/2-1/2"]
[WhiteElo "2615"]
[BlackElo "2552"]
[Annotator "TA"]
[PlyCount "79"]
[EventDate "2017.??.??"]
[EventType "k.o."]
[EventCountry "RUS"]

{[%evp 26,79,14,15,39,27,32,14,21,5,7,0,0,0,12,12,5,10,12,7,7,0,2,0,25,8,20,0,0,0,0,0,6,5,114,115,119,107,126,124,130,119,324,13,116,139,235,242,217,17,0,0,181,0,0,0]} 1. e4 e5 2. Nf3 Nc6 3. Bb5 a6 4. Ba4 Nf6 5. O-O Be7 6. Re1 b5 7. Bb3 O-O 8. h3 Bb7 9. d3 d6 10. a3 Re8 {C88: Closed Ruy Lopez: Anti-Marshall Systems} (10... Qd7 11. Nbd2 Rfe8 12. c3 Bf8 13. Nf1 h6 14. N3h2 d5 15. Qf3 Na5 16. Ba2 dxe4 17. dxe4 Nc4 18. Bxh6 {½-½ (94) Karjakin,S (2772)-Carlsen,M (2853) New York 2016}) 11. Nc3 Nd4 12. Nxd4 exd4 13. Ne2 c5 14. Ng3 {LiveBook: 3 Games} g6 15. Qf3 Rc8 16. Bh6 $146 ({Predecessor:} 16. Bg5 c4 17. dxc4 bxc4 18. Ba4 {½-½ (54) Martin Sanchez,C (2404)-Zelovic,V (2395) ICCF email 2010}) 16... Bf8 $1 {[%cal Rf8h6]} 17. Bg5 Bg7 18. Bd5 Bxd5 19. exd5 Rxe1+ 20. Rxe1 h6 21. Bf4 c4 22. Ne4 Nxe4 23. Qxe4 a5 24. Qe7 Bf8 25. Qb7 $36 {[%mdl 2048] White has the initiative.} Rc5 26. Bd2 cxd3 27. cxd3 Rc2 28. Bf4 Rxb2 29. Qc6 $1 Qf6 (29... g5 $1 $11 30. Re8 Qxe8 31. Qxe8 gxf4) 30. Bg3 $1 $16 {Re8 is the strong threat.} h5 31. h4 $1 {Hoping for Re8.} Kh7 32. Re8 $1 {[%cal Re8f8]} Bg7 33. Qxd6 Qf5 $2 (33... b4 $16) 34. Ra8 $2 (34. Qc7 $1 $18) 34... b4 ({Much worse is} 34... Qxd3 $6 35. Qb8 $16) (34... Rb1+ $1 $11 {remains equal.} 35. Kh2 Rb2) 35. axb4 {Strongly threatening Qb8.} axb4 (35... Qxd3 $16 {keeps fighting.} 36. Qb8 Rb1+ 37. Kh2 Qf1 38. Qg8+ Kh6 39. Bf4+ g5 40. Bxg5+ (40. hxg5+ Kg6 $11) 40... Kg6) 36. Qb8 $18 b3 {[#]} 37. Bf4 $2 ({Only move:} 37. d6 $1 $18 Ra2 38. Qg8+ Kh6 39. Rb8 Ra1+ 40. Kh2) 37... Bf8 $1 $11 {White must now prevent ...Rb1+.} 38. Bg3 Bg7 {[#]} 39. Bf4 $2 (39. d6 $1 $18 {[%cal Rd6d7]} Ra2 40. Qg8+ Kh6 41. Rb8) 39... Bf8 $1 {aiming for ...Rb1+.} 40. Bg3 {Precision: White = 53%, Black = 45%.} 1/2-1/2

[Event "RUS Cup Final Men 2017"]
[Site "Khanty-Mansiysk"]
[Date "2017.12.05"]
[Round "1"]
[White "Ponkratov, Pavel"]
[Black "Lomasov, Semen"]
[Result "1/2-1/2"]
[WhiteElo "2613"]
[BlackElo "2516"]
[Annotator "TA"]
[PlyCount "101"]
[EventDate "2017.??.??"]
[EventType "k.o."]
[EventCountry "RUS"]
[SourceTitle "playchess.com"]
[Source "ChessBase"]
[SourceQuality "1"]

{[%evp 18,101,19,24,33,27,38,13,10,10,15,0,39,23,28,0,17,19,26,-27,-27,-57,-35,-45,-8,-19,-12,-17,-19,-13,-14,-23,0,0,0,0,0,0,0,0,0,0,0,0,0,0,0,0,0,0,8,8,8,8,16,8,8,0,0,0,0,0,0,-8,-8,-13,-13,-14,-10,-13,0,0,0,0,-8,-8,-8,-8,0,0,0,0,0,0,0,-8]} 1. e4 e5 2. Nf3 Nc6 3. Bc4 Nf6 4. d3 Be7 5. O-O O-O 6. a4 d6 {C55: Two Knights: 4 d3, 4 d4 exd4 5 e5 and Max Lange Attack} 7. c3 (7. Re1 Na5 8. Ba2 c5 9. c3 Nc6 10. Na3 h6 11. Bd2 Re8 12. Nc4 Bf8 13. h3 Be6 14. b4 Qc7 15. Ne3 Bxa2 16. Rxa2 cxb4 17. cxb4 {½-½ (49) Harikrishna,P (2753)-Ponomariov,R (2712) Huaian 2016}) 7... Be6 8. Nbd2 Qd7 9. a5 a6 10. Re1 {LiveBook: 47 Games} Bxc4 11. Nxc4 Rfe8 12. b4 $146 ({Predecessor:} 12. h3 Bf8 13. Bg5 Nh5 14. d4 f6 15. Bc1 g6 16. dxe5 fxe5 17. Ne3 Kh8 {½-½ (33) Benderac,S (2307)-Zelic,Z (2367) Neum 2004}) 12... Bf8 13. Bg5 d5 14. Ncd2 Re6 15. Bxf6 Rxf6 16. Qa4 dxe4 17. dxe4 Rd8 18. Nc4 ({White should try} 18. Qb3) 18... Qd3 $11 19. b5 axb5 20. Qxb5 Qxc3 {[#] Hoping for ...Rxf3.} (20... Rxf3 $5 21. gxf3 Qxc3 $15) 21. Rec1 Nd4 {Strongly threatening ...Ne2+.} 22. Rxc3 Nxb5 23. Rb3 c6 24. Nfxe5 Bc5 25. Nd3 {The position is equal.} Bd4 26. Rc1 Re6 27. e5 f6 28. exf6 Rxf6 29. Kf1 Rd5 30. Re1 Kf8 31. g3 g5 32. Kg2 h6 33. Re4 Rd7 34. f4 Re7 35. Nd2 Rfe6 36. Rxe6 Rxe6 37. Kf1 gxf4 (37... Re3 {with more complications.} 38. Nc4 Re8 39. Nde5 Bc3 40. Nd7+ Ke7) 38. Nxf4 Re3 39. Rxe3 Bxe3 {[%mdl 4096] Endgame KBN-KNN} 40. Nb3 Ke7 41. Nd3 Kd6 42. g4 c5 {White must now prevent ...c4.} 43. Ke2 Nd4+ 44. Kxe3 Nxb3 {KN-KN} 45. h4 Nxa5 {Black wants to play ...c4.} 46. g5 hxg5 47. hxg5 c4 48. g6 Ke6 {[#]} 49. Ne5 $1 {[%mdl 512] And now g7 would win.} Kf6 (49... Kxe5 50. g7) 50. Kd4 b5 51. Ke4 {Precision: White = 63%, Black = 66%.} 1/2-1/2

[Event "RUS Cup Final Men 2017"]
[Site "Khanty-Mansiysk"]
[Date "2017.12.05"]
[Round "1"]
[White "Gordievsky, Dmitry"]
[Black "Frolyanov, Dmitry"]
[Result "1-0"]
[WhiteElo "2605"]
[BlackElo "2563"]
[Annotator "TA"]
[PlyCount "83"]
[EventDate "2017.??.??"]
[EventType "k.o."]
[EventCountry "RUS"]
[SourceTitle "playchess.com"]
[Source "ChessBase"]
[SourceQuality "1"]

{[%evp 9,83,-14,0,-15,-6,-17,2,7,15,0,0,0,8,-102,-97,-86,-45,-76,-49,-56,-55,-58,-52,-56,-66,-94,-21,-16,-24,-31,-20,-12,-2,-17,60,52,44,35,33,0,66,55,60,41,74,78,135,132,270,256,285,285,465,446,341,183,292,274,275,258,267,216,417,381,517,512,515,509,496,466,533,522,1170,1154,2684,2530]} 1. b3 d5 2. Bb2 Bg4 3. f3 Bf5 4. e3 e6 5. Ne2 Nf6 (5... Nc6 6. Nbc3 h6 7. Ng3 Bh7 8. Bb5 Nge7 9. Nce2 a6 10. Bd3 Bxd3 11. cxd3 {1-0 (35) Jobava,B (2713)-Wojtaszek,R (2734) Chartres 2017}) 6. d4 $146 {A01: Nimzowitsch-Larsen Opening} ({Predecessor:} 6. Nbc3 Bd6 7. g4 Nxg4 8. Ng3 Nxh2 9. Nxf5 exf5 10. Qe2 Nxf1 11. Qxf1 {½-½ (55) Fauland,A (2422)-Mesaros,F (2266) Austria 2015}) 6... Bd6 7. Nbc3 c5 8. Qd2 {The position is equal.} Nc6 9. g4 Bg6 10. h4 {[#] Hoping for h5.} cxd4 11. exd4 (11. Nxd4 $11 h5 12. Nxc6 bxc6 13. g5) 11... h5 $36 {[%mdl 2048] Black has strong initiative.} 12. g5 Nd7 13. Bh3 a6 14. f4 Ne7 15. Nd1 Be4 16. O-O Bf5 17. Bg2 {[#]} Ng6 (17... Nf8 $1 $17 18. Ne3 Nfg6) 18. Ne3 $11 Nxh4 19. Nxf5 Nxf5 20. c4 dxc4 21. bxc4 Qc7 (21... Nb6 $11 22. Qc1 Rc8) 22. c5 {[%mdl 1024] White has compensation.} Be7 23. Bc3 Nb8 24. Be4 O-O ({Black should try} 24... Nc6 $11) 25. Kh1 $14 Qd7 26. Qd3 Rd8 27. Qf3 Nc6 (27... g6 $142) 28. Rad1 $16 Bf8 (28... g6 $16 {is a better defense.}) 29. d5 $18 {[%cal Bd4d5,Bd5d6][%mdl 32]} (29. Qxh5 g6 $14) 29... Nce7 {[%cal Re6d5]} 30. d6 Nd5 $2 (30... Qb5 31. dxe7 Bxe7) 31. Be5 Nde3 32. Bxb7 (32. Qxh5 $142 {Threatens to win with Rd3.} Nxf1 33. Rxf1) 32... Nh4 (32... Qb5 {was called for.}) 33. Qe4 Qb5 34. Rb1 (34. Bxa8 $6 Nxf1 35. c6 (35. Rxf1 Qxc5 36. Bb7 Bxd6 $18) 35... Nf5 $18) 34... Qxe2 35. Rfe1 Qg4 $2 (35... Qxa2 36. Rb2 (36. Bxa8 Ng4 $17) (36. Rxe3 Rab8 $16) (36. Qxe3 Nf5 $16) 36... Qa5 37. Qxe3 Rab8) 36. Qxe3 (36. Bxa8 Qh3+ 37. Kg1 Qg3+ 38. Kh1 Ng4 $17) 36... Rab8 {aiming for ...Rxb7!} 37. Rg1 {White is clearly winning.} Nf5 38. Rxg4 Nxe3 39. Rg3 Nc4 40. c6 Na5 {...Nxc6 would now be nice for Black.} 41. c7 Rxb7 42. cxd8=Q {Precision: White = 61%, Black = 24%.} 1-0

[Event "RUS Cup Final Men 2017"]
[Site "Khanty-Mansiysk"]
[Date "2017.12.05"]
[Round "1"]
[White "Alekseenko, Kirill"]
[Black "Lintchevski, Daniil"]
[Result "1-0"]
[WhiteElo "2590"]
[BlackElo "2560"]
[Annotator "TA"]
[PlyCount "95"]
[EventDate "2017.??.??"]
[EventType "k.o."]
[EventCountry "RUS"]
[SourceTitle "playchess.com"]
[Source "ChessBase"]
[SourceQuality "1"]

{[%evp 26,95,33,0,0,0,22,12,60,52,87,77,141,137,235,231,213,211,325,329,335,336,336,325,326,215,211,212,198,208,198,175,251,250,266,260,276,276,258,266,258,239,279,278,279,263,317,280,528,512,521,496,488,491,487,475,722,652,754,710,604,605,605,587,1200,1161,1157,1100,1062,983,915,414]} 1. e4 e5 2. Nf3 Nf6 3. Nxe5 d6 4. Nf3 Nxe4 5. d4 d5 6. Bd3 Nc6 7. O-O Be7 8. c4 Nb4 9. Be2 O-O 10. Nc3 Bf5 11. a3 Nxc3 12. bxc3 Nc6 13. Re1 Re8 14. Ra2 {[#] LiveBook: 15 Partien. C42: Russische Verteidigung (Petrow)} Bf8 $146 ({Vorgänger:} 14... Na5 15. cxd5 Qxd5 16. Rb2 c6 17. Ne5 Bxa3 18. Bf3 Qd6 19. Rbe2 Bxc1 20. Qxc1 Be6 21. Be4 Rad8 {1-0 (37) Nakamura,H (2787)-Akobian,V (2615) Saint Louis 2016}) 15. a4 Ne7 16. Qb3 {Die Stellung ist ausgeglichen.} c6 17. Qxb7 Rb8 18. Qxa7 Rb1 (18... dxc4 $142 19. Bg5 (19. Bxc4 Nd5 $16) 19... Qc8) 19. Rb2 Nc8 {[#]} (19... Rxb2 $16 20. Bxb2 Bg4) 20. Qa6 $1 $18 Rxb2 21. Bxb2 Qb6 (21... Nd6 $142 22. c5 (22. Qxc6 dxc4 23. Qc5 Bd3 $16) 22... Nc4) 22. Qxb6 Nxb6 23. a5 {[%cal Ba4a5,Ba5a6,Ba6a7][%mdl 32]} Nxc4 24. Bxc4 Rb8 25. a6 {Lb3! ist eine echte Drohung.} dxc4 26. a7 Ra8 27. Ra1 f6 28. Ra5 $36 {[%mdl 2048] Weiss bestimmt, wo es lang geht.} Bd3 (28... Be6 $142 29. h3 Kf7) 29. Ba3 Bxa3 30. Rxa3 {[%mdl 4096] Endspiel KTL-KTS} Kf7 31. Nd2 Ke7 32. g4 Kd6 33. f3 Kc7 {[#]} 34. Ne4 $1 Bc2 35. Nc5 Kb6 36. Ra6+ Kb5 $2 (36... Kc7 {war angesagt.} 37. Kf2 f5) 37. Kf2 {Weiß steht klar auf Gewinn.} f5 38. h4 {[%cal Bh2h4,Bh4h5][%mdl 32]} fxg4 39. fxg4 h6 40. Ke2 Bh7 (40... g5 $142 41. h5 Be4) 41. Ra4 g5 42. h5 Bc2 43. Rb4+ Ka5 44. Kd2 Rxa7 45. Kxc2 Rf7 46. Nb7+ Ka6 47. Nd6 Rf4 48. Ra4+ {Precision: Weiß = 82%, Schwarz = 29%.} 1-0

[Event "RUS Cup Final Men 2017"]
[Site "Khanty-Mansiysk"]
[Date "2017.12.05"]
[Round "1"]
[White "Shaposhnikov, Evgeny"]
[Black "Predke, Alexandr"]
[Result "0-1"]
[WhiteElo "2563"]
[BlackElo "2601"]
[Annotator "TA"]
[PlyCount "143"]
[EventDate "2017.??.??"]
[EventType "k.o."]
[EventCountry "RUS"]
[SourceTitle "playchess.com"]
[Source "ChessBase"]
[SourceQuality "1"]

{[%evp 15,143,0,15,7,10,3,5,7,7,12,6,16,12,22,9,0,29,16,18,23,25,17,25,21,12,25,16,12,221,148,206,175,214,202,204,188,192,193,213,187,218,205,266,258,216,205,277,95,149,95,446,446,443,0,439,437,424,0,0,0,0,0,0,0,0,-127,-118,-164,-152,-191,-191,-183,-183,-210,-136,-149,-117,-117,-117,-183,-123,-183,-183,-170,0,-114,-114,-105,-67,-71,-44,-46,0,0,0,0,71,68,68,0,3,16,14,3,10,0,0,0,0,-42,-43,-33,-47,-36,-4,-27,0,0,0,0,0,0,0,-12844,-12844,-12845,-12845,-29991,-29992,-29992]} 1. Nf3 Nf6 2. c4 b6 3. d4 e6 4. e3 Bb7 5. Bd3 d5 6. O-O dxc4 7. Bxc4 {E14: Queen's Indian: Classical Variation (4 e3)} c5 (7... Nbd7 8. Qe2 a6 9. a4 c5 10. Nc3 Be7 11. Rd1 O-O 12. e4 cxd4 13. Nxd4 Qc7 14. Bg5 Ne5 15. Bxe6 fxe6 16. Nxe6 Qc4 17. Qxc4 Nxc4 18. Nxf8 Rxf8 19. b3 Ne5 {½-½ (60) Khismatullin,D (2617)-Bocharov,D (2611) Sochi 2016}) 8. Nc3 a6 {LiveBook: 4 Games} 9. dxc5 {The position is equal.} Qc7 10. Qe2 {Threatening cxb6.} Bxc5 11. e4 $146 {[%cal Be3e4,Be4e5][%mdl 32]} ({Predecessor:} 11. Bd2 b5 12. Bb3 Nbd7 13. Rac1 {½-½ (21) Loktiev,I (2350)-Thieme,H (2055) Hockenheim 2007}) 11... Nc6 12. e5 Nd7 {[%cal Rc6e5]} 13. Bf4 Nd4 14. Nxd4 Bxd4 15. Rad1 Qc6 {[%csl Gb7][%cal Rc6g2]} 16. Bd5 $36 {[%mdl 2048] Black is under pressure.} exd5 17. Rxd4 Nc5 $1 {[%cal Rc5e6] White should prevent ...Ne6.} 18. Nxd5 {Hoping for e6!} Ne6 19. Rd2 {Strongly threatening Qg4.} Rd8 $1 {[%cal Rd8d5]} 20. Rfd1 {Threatens to win with Be3.} Rxd5 21. Rxd5 Nxf4 $2 (21... O-O $1 $11 22. Bh6 gxh6) 22. Rd8+ $18 Ke7 {[%csl Gb7,Gf4][%cal Rc6g2] [#]} 23. R8d7+ $1 {[%mdl 512]} Qxd7 24. Rxd7+ Kxd7 25. Qd1+ Nd5 26. Qg4+ Ke7 27. Qxg7 Rc8 {[%cal Rc8c1]} 28. h4 $1 {[%mdl 1024] White has strong compensation.} Rc6 29. Qxh7 Rg6 30. g3 Nf4 31. Qh8 $2 (31. Kh2 $18 {and White stays clearly on top.} Ne6 32. h5) 31... Bf3 ({Better is} 31... Nd3) 32. Qb8 $16 Nd3 $2 {[%mdl 8192]} (32... Nh3+ $16 {is a better chance.} 33. Kf1 Rc6) 33. Qc7+ $18 Ke8 34. Qc8+ $1 Ke7 {...Rc6 is the strong threat.} 35. Qf5 $1 Ne1 36. h5 $2 (36. Qb1 $18) 36... Bg4 $11 37. Qe4 Nf3+ 38. Kg2 Bxh5 39. Qb4+ Ke8 40. Qc3 (40. e6 $11 Rxe6 41. g4 Ne1+ 42. Kg3) 40... Bg4 $17 41. Kf1 Rh6 42. Ke2 Nxe5+ 43. Ke3 Rc6 44. Qd4 Nc4+ 45. Kf4 Be6 46. b3 Nd6 47. g4 (47. Qa4 $17 b5 48. Qd4) 47... Ke7 (47... a5 $19 48. Qh8+ Kd7) 48. f3 (48. Qa4 $17 {was worth a try.} Rc2 49. Qd4) 48... Rc5 $19 49. Qb4 Rc6 $2 (49... Nb5 $19 50. Qe4 Kd7) 50. Qa4 (50. Qd4 $1 $11) 50... b5 $17 51. Qd4 Nc8 52. Kg5 Nb6 53. f4 {[%cal Bf3f4,Bf4f5][%mdl 32]} Nd7 54. f5 {Black must now prevent Kh4.} f6+ 55. Kg6 Ne5+ (55... Rd6 $11 {keeps the balance.} 56. Qe3 Ne5+ 57. Kg7 Bc8) 56. Kg7 $16 Rd6 57. Qc5 (57. Qa7+ $14 Bd7 58. g5 $1 {[%mdl 512]} fxg5 59. Qe3) 57... Bd5 {[#]} 58. g5 $1 {[%cal Bg4g5,Bg5f6][%mdl 544]} Kd7 $1 ({Reject} 58... Nd7 $6 59. Qe3+ Kd8 60. g6 $16) (58... fxg5 59. Qe3) 59. gxf6 Nf7 $1 60. Qa7+ Kc8 61. Qe7 Rd7 62. Qe8+ Kc7 {And now ...Nd6+ would win.} 63. Kg6 Nd6 64. Qe3 Kc6 65. a4 Rd8 66. a5 Bf7+ 67. Kg5 {aiming for Qb6+.} Rh8 68. Qb6+ Kd5 69. Qxa6 $2 {[%mdl 8192]} (69. Kg4 $11) 69... Ke5 $1 $19 {[%csl LRb3,LRf5]} 70. Kg4 {[#]} Bh5+ $1 71. Kg3 {[#]} Ne4+ $1 72. Kg2 {Precision: White = 55%, Black = 45%.} 0-1

[Event "RUS Cup Final Men 2017"]
[Site "Khanty-Mansiysk"]
[Date "2017.12.05"]
[Round "1"]
[White "Tompson, David P"]
[Black "Chigaev, Maksim"]
[Result "1-0"]
[WhiteElo "2130"]
[BlackElo "2555"]
[Annotator "TA"]
[PlyCount "97"]
[EventDate "2017.??.??"]
[EventType "k.o."]
[EventCountry "RUS"]
[SourceTitle "playchess.com"]
[Source "ChessBase"]
[SourceQuality "1"]

{[%evp 17,97,29,38,50,45,45,48,43,40,36,40,39,54,50,52,50,60,37,53,60,83,86,113,106,131,62,76,77,102,77,118,125,182,181,169,121,118,118,114,-14,200,195,175,181,189,179,218,147,139,139,208,175,175,148,152,148,170,148,266,145,141,145,297,140,136,0,484,469,556,541,820,808,798,790,1106,1029,1187,1160,1260,1221,1238,1236]} 1. Nf3 Nf6 2. c4 b6 3. g3 Bb7 4. Bg2 g6 5. d4 Bg7 6. O-O O-O 7. Qc2 c5 {A50: Queen's Fianchetto Defence (1 d4 Nf6 2 c4 b6)} 8. d5 b5 9. e4 bxc4 {LiveBook: 10 Games. White has an edge.} 10. Na3 d6 11. Nxc4 Nbd7 12. Bd2 $146 ({Predecessor:} 12. Rd1 Ng4 13. Bd2 Ba6 14. Rab1 Nge5 15. Nfxe5 Nxe5 16. Nxe5 Bxe5 {½-½ (39) Sunilduth Lyna,N (2437)-Popov,I (2622) Chennai 2015}) 12... Ba6 13. b3 Nb6 14. Rfe1 Nfd7 {[%cal Bf6d7,Bd7b6,Bb6a4][%mdl 32]} 15. Bc3 Bxc3 16. Qxc3 Nxc4 17. bxc4 Nb6 18. Nd2 Na4 19. Qc2 $36 {[%mdl 2048] Keeping Black busy.} Qa5 20. Re3 {Ra3 is the strong threat.} Bc8 21. Rae1 (21. Ra3 $16 Bd7 22. e5) 21... Rb8 {Hoping for ...Rb2.} 22. Nb3 Qa6 23. e5 $1 Rb4 24. Bf1 Bf5 (24... dxe5 $16 {is a better defense.} 25. Rxe5 e6) 25. Qd2 $18 Rbb8 26. g4 Bxg4 27. Rg3 $1 {[%cal Rg3g4]} Bf5 28. Qg5 (28. Qh6 $1 $16) 28... Kh8 $2 (28... e6 $11 {and Black stays safe.}) 29. Qxe7 dxe5 30. Qxe5+ f6 31. Qf4 Rbe8 32. Rxe8 Rxe8 33. Re3 Qc8 (33... Rxe3 $16 {was called for.} 34. fxe3 (34. Qxe3 Qc8 $16) 34... Bd7) 34. Qd6 Rxe3 35. fxe3 Qe8 36. Qxf6+ Kg8 37. Kf2 Qe4 (37... Qf7 $16 {keeps fighting.} 38. Qd8+ Kg7) 38. Qd8+ (38. Be2 $18) 38... Kg7 $16 39. Qc7+ Kf6 $2 (39... Kh6 $16 40. Qb8 (40. Nxc5 Qh4+ 41. Kg1 Nxc5 $11) 40... Qh4+ 41. Qg3 Qf6) 40. Qc6+ ({Stronger than} 40. Nxc5 Qh4+ 41. Kg1 Qg4+ 42. Kf2 (42. Bg2 Qd1+ 43. Bf1 Qg4+ 44. Kf2 Qh4+ 45. Kg1 Qg4+ $11) 42... Qh4+ 43. Kg1 Qg4+ 44. Bg2 Qd1+ 45. Bf1 (45. Kf2 Qd2+ 46. Kf3 Bg4+ 47. Kxg4 Qxg2+ 48. Qg3 Qxg3+ 49. Kxg3 Nxc5 $19) 45... Qg4+ $11) (40. Qxh7 $18 {and the rest is easy. Strongly threatening Be2.} Qc2+ 41. Kg1) 40... Kg5 {[#] Threatens to win with ...Qh4+.} 41. Qxa4 (41. Qd6 $1 $16) 41... Qh4+ $2 {[%mdl 8192] [#]} (41... Qc2+ $1 $11 {and Black has nothing to worry.} 42. Kg3 (42. Kg1 Qe4 $11) 42... Qb1) 42. Ke2 $1 $18 {White is clearly winning.} ({Weaker is} 42. Kg1 Qe4 $14) 42... Bg4+ 43. Kd3 Bf5+ 44. Kd2 Qxh2+ 45. Be2 Qe5 46. Qxa7 Qb2+ 47. Ke1 Qc3+ 48. Kf2 Qf6 49. Qc7 {Precision: White = 51%, Black = 44%.} 1-0